000 04854nam a22005895i 4500
001 978-3-030-94387-5
003 DE-He213
005 20250103112326.0
007 cr nn 008mamaa
008 220422s2022 sz | s |||| 0|eng d
020 _a9783030943875
_9978-3-030-94387-5
024 _a10.1007/978-3-030-94387-5
_2doi
050 _aKZA1002-5205
050 _aKZD1002-6715
072 _aLBB
_2bicssc
072 _aLAW051000
_2bisacsh
072 _aLBB
_2thema
082 _a341.4
_223
245 _aTrends and Challenges in International Law
_h[electronic resource] :
_bSelected Issues in Human Rights, Cultural Heritage, Environment and Sea /
_cedited by Maurizio Arcari, Irini Papanicolopulu, Laura Pineschi.
250 _a1st ed. 2022.
260 _aCham :
_bSpringer International Publishing :
_bImprint: Springer,
_c2022.
300 _aVII, 332 p. 10 illus.
_bonline resource.
336 _atext
_btxt
_2rdacontent
337 _acomputer
_bc
_2rdamedia
338 _aonline resource
_bcr
_2rdacarrier
347 _atext file
_bPDF
_2rda
505 _a Introduction -- Part I. Human Rights Law -- International Human Rights Law and Transboundary Environmental Harm: Trends and Challenges -- What Does a State Secure Make? Interpreting National Security in the Light of International Human Rights Law -- Starvation and Humanitarian Assistance in Time of Armed Conflicts -- Part II. Cultural Heritage Law -- Underwater Cultural Heritage and Salvage Law -- Lights and Shadows of the EU Regulation 2019/880 on the Introduction and the Import of Cultural Goods -- Part III. Environmental Law.-0 The Breach of the Obligation to Prevent Environmental Harm and the Law of State Responsibility. Revisiting the Issue Against the Test of Judicial Application -- Legal Personality for Nature: From National to International Law -- Climate Change and Intercommunal Conflicts in West Africa: A New Challenge for the UN System of Collective Security or Much Ado about Nothing? -- Law of The Sea -- On the Nature of the Law of the Sea -- The Last Frontier: Trendsand Challenges related to the Delineation of the Outer Limits of the Continental Shelf Beyond 200 Nautical Miles -- Conclusions.
520 _aOver the last century, international law has sought to keep pace with sweeping changes that have revolutionised the international community. It has done so in various ways: by developing new fields, adopting new legal instruments, and including new actors and entities in the international fora. Human rights law and environmental law have emerged to address essential issues raised by civil society. Treaties, judgments and soft law instruments have attempted to fill the gaps in regulation. International organisations, corporations, civil society organisations and individuals have all worked to make and enforce, also by judicial means, legal rules. But is all this sufficient? In an effort to answer this question, the chapters of this volume explore selected emerging issues in the fields of human rights, the environment, cultural heritage and law of the sea. Can state responsibility help to protect the environment? Can protecting human rights be reconciled with national security?Can the UN Security Council address climate change? Is law of the sea still fit for purpose? And how can we balance human rights and the environment, or cultural heritage and law of the sea? The international scholars and experienced practitioners who have contributed to this volume discuss these and other key questions. Given its scope, the book will appeal to researchers and scholars of international law, as well as those specialising in human rights law, environmental law, cultural heritage law, and law of the sea. .
650 _aLaw of the sea.
650 _aInternational law.
650 _aAeronautics
_xLaw and legislation.
650 _aHuman rights.
650 _aEnvironmental law, International.
650 _aCultural property.
650 _aLaw of the Sea, Air and Outer Space.
650 _aHuman Rights.
650 _aInternational Environmental Law.
650 _aCultural Heritage.
700 _aArcari, Maurizio.
_eeditor.
_4edt
_4http://id.loc.gov/vocabulary/relators/edt
700 _aPapanicolopulu, Irini.
_eeditor.
_4edt
_4http://id.loc.gov/vocabulary/relators/edt
700 _aPineschi, Laura.
_eeditor.
_4edt
_4http://id.loc.gov/vocabulary/relators/edt
710 _aSpringerLink (Online service)
773 _tSpringer Nature eBook
776 _iPrinted edition:
_z9783030943868
776 _iPrinted edition:
_z9783030943882
776 _iPrinted edition:
_z9783030943899
856 _uhttps://doi.org/10.1007/978-3-030-94387-5
912 _aZDB-2-LCR
912 _aZDB-2-SXLC
999 _c12641
_d12641